[Event "RUS-ch U26"]
[Site "Saratov"]
[Date "2013.10.02"]
[Round "9"]
[White "Chaban, Alexander"]
[Black "Borisovsky, Viktor"]
[Result "0-1"]
[WhiteElo "2094"]
[BlackElo "2143"]
[PlyCount "131"]
[EventDate "2013.09.24"]
[EventType "swiss"]
[EventRounds "9"]
[EventCountry "RUS"]
[SourceTitle "EXT 2015"]
[Source "ChessBase"]
[SourceDate "2014.11.20"]
[SourceVersion "1"]
[SourceVersionDate "2014.11.20"]
[SourceQuality "1"]

1. e4 e6 2. Nf3 d5 3. Nc3 dxe4 4. Nxe4 Nf6 5. Nxf6+ Qxf6 6. d4 h6 7. h4 Bd7 8. Ne5 Nc6 9. Nxd7 Kxd7 10. Be3 Qf5 11. a3 Rd8 12. Rh3 Kc8 13. Bd3 Qd5 14. Qf3 Qxf3 15. Rxf3 f6 16. c3 e5 17. 0-0-0 exd4 18. cxd4 Kb8 19. Be4 Na5 20. Bd2 Nc4 21. Bc3 Bd6 22. Bg6 Rd7 23. Re1 Re7 24. Bd3 Nb6 25. Rxe7 Bxe7 26. h5 Bd6 27. Bb4 Bxb4 28. axb4 Rd8 29. Bf5 Rxd4 30. Re3 a6 31. Re7 Rf4 32. g4 Rxf2 33. Rxg7 Nd5 34. Rg6 Ne3 35. Rxh6 Rf4 36. Rh8+ Ka7 37. h6 Nxf5 38. h7 Rxg4 39. Rg8 Rh4 40. h8Q Rxh8 41. Rxh8 Nd6 42. Rh6 f5 43. Kc2 Kb6 44. Kb3 Kb5 45. Re6 Kb6 46. Re7 Nc8 47. Rh7 Nd6 48. Kc3 c5 49. Rh6 Kc6 50. bxc5 Kxc5 51. Kd3 Kd5 52. Rh7 Kc5 53. Re7 Kd5 54. Rc7 a5 55. Rc1 b6 56. Rc7 Nb5 57. Rc1 Nd6 58. Kc3 Ne4+ 59. Kc2 Nd6 60. Kb3 Nb5 61. Ka4 Nd4 62. Rc8 f4 63. Rd8+ Kc4 64. Rc8+ Kd3 65. Rb8 b5+ 66. Kxa5 0-1

[Event "RUS-ch U26"]
[Site "Saratov"]
[Date "2013.09.29"]
[Round "6"]
[White "Borisovsky, Viktor"]
[Black "Toropov, Pavel"]
[Result "1/2-1/2"]
[WhiteElo "2143"]
[BlackElo "2295"]
[PlyCount "121"]
[EventDate "2013.09.24"]
[EventType "swiss"]
[EventRounds "9"]
[EventCountry "RUS"]
[SourceTitle "EXT 2015"]
[Source "ChessBase"]
[SourceDate "2014.11.20"]
[SourceVersion "1"]
[SourceVersionDate "2014.11.20"]
[SourceQuality "1"]

1. d4 d5 2. c4 c6 3. cxd5 cxd5 4. Bf4 Nc6 5. Nc3 Nf6 6. e3 e6 7. Bb5 Be7 8. Nf3 0-0 9. 0-0 Na5 10. Rc1 a6 11. Be2 Bd7 12. Na4 Bxa4 13. Qxa4 b5 14. Qc2 Rc8 15. Qb1 Qb6 16. Bd3 Nc4 17. Be5 g6 18. h4 Qb7 19. Rfd1 Ne4 20. h5 gxh5 21. Bxe4 dxe4 22. Nd2 Nxe5 23. dxe5 Rxc1 24. Rxc1 Qd5 25. Nxe4 Qxe5 26. f4 Qf5 27. Rc7 Bh4 28. Rc5 Qg6 29. Qc2 Rd8 30. Rc8 Rxc8 31. Qxc8+ Kg7 32. Nd6 Qd3 33. Qc3+ Qxc3 34. bxc3 Be1 35. Ne8+ Kg6 36. Nc7 Bxc3 37. Nxa6 Kf5 38. Kf2 Kg4 39. Nc5 b4 40. Ne4 Bg7 41. Nd6 f5 42. Ne8 Bc3 43. Nc7 e5 44. fxe5 Bxe5 45. Nd5 Bg3+ 46. Ke2 Bd6 47. Kf2 h4 48. Nf6+ Kg5 49. Nd5 f4 50. exf4+ Kg4 51. Kg1 Kf5 52. Kh2 Ke4 53. Nxb4 Bxb4 54. Kh3 Be1 55. a4 Kxf4 56. a5 Bxa5 57. Kxh4 Ke4 58. g4 h6 59. Kg3 Bc7+ 60. Kg2 Kf4 61. Kh1 1/2-1/2

[Event "Saratov Regional-ch"]
[Site "Saratov"]
[Date "2013.06.04"]
[Round "5"]
[White "Berezhnov, Dmitry"]
[Black "Borisovsky, Viktor"]
[Result "1/2-1/2"]
[WhiteElo "1938"]
[BlackElo "2152"]
[PlyCount "114"]
[EventDate "2013.06.01"]
[EventType "swiss"]
[EventRounds "9"]
[EventCountry "RUS"]
[SourceTitle "EXT 2014"]
[Source "ChessBase"]
[SourceDate "2013.11.20"]
[SourceVersion "1"]
[SourceVersionDate "2013.11.20"]
[SourceQuality "1"]

1. d4 e6 2. c4 f5 3. g3 Nf6 4. Bg2 Bb4+ 5. Bd2 Bxd2+ 6. Qxd2 0-0 7. Nc3 d6 8. Nf3 Qe7 9. 0-0 c6 10. Rad1 Nbd7 11. b3 e5 12. Qg5 e4 13. Ne1 Nd5 14. Qxe7 Nxe7 15. d5 c5 16. f3 exf3 17. exf3 f4 18. Nd3 fxg3 19. hxg3 Nf5 20. Kf2 Nf6 21. Rde1 Nd4 22. Nf4 g5 23. Ne6 Bxe6 24. dxe6 Rae8 25. Nb5 Nxb5 26. cxb5 Re7 27. Kg1 Nh5 28. Kh2 b6 29. Rf2 Rf6 30. Bf1 Rh6 31. Kg1 Kh8 32. Bc4 Ng7 33. Rd2 Nf5 34. Rd5 Rf6 35. Bd3 Nd4 36. Rxd6 Rfxe6 37. Rexe6 Nxe6 38. Kf2 Kg7 39. Bc4 Nd4 40. b4 Nf5 41. Rd3 cxb4 42. Rb3 Kf6 43. Bd3 Ne3 44. Rxb4 Nd1+ 45. Kg2 h5 46. Rd4 Nc3 47. Rd6+ Ke5 48. Rg6 Kd4 49. Rd6+ Ke5 50. Rg6 Nxa2 51. Rxg5+ Kd4 52. Be4 Nc3 53. Rxh5 Nxe4 54. Rh4 Kc5 55. Rxe4 Rxe4 56. fxe4 Kxb5 57. g4 a5 1/2-1/2

[Event "Saratov Regional-ch"]
[Site "Saratov"]
[Date "2013.06.03"]
[Round "4"]
[White "Borisovsky, Viktor"]
[Black "Biryukov, Dmitriy"]
[Result "0-1"]
[WhiteElo "2152"]
[BlackElo "2272"]
[PlyCount "68"]
[EventDate "2013.06.01"]
[EventType "swiss"]
[EventRounds "9"]
[EventCountry "RUS"]
[SourceTitle "EXT 2014"]
[Source "ChessBase"]
[SourceDate "2013.11.20"]
[SourceVersion "1"]
[SourceVersionDate "2013.11.20"]
[SourceQuality "1"]

1. d4 d6 2. c4 g6 3. Nc3 Bg7 4. e4 Nf6 5. f3 0-0 6. Nge2 Nc6 7. Be3 a6 8. Qd2 Rb8 9. Nc1 e5 10. d5 Nd4 11. Nb3 Nxb3 12. axb3 Nh5 13. b4 f5 14. c5 Nf4 15. Rd1 Kh8 16. b5 axb5 17. Nxb5 fxe4 18. fxe4 Nh5 19. g3 Nf6 20. cxd6 cxd6 21. Qb4 Ng4 22. Ba7 Ra8 23. h3 Rxa7 24. Nxa7 Nf2 25. Rg1 Nxd1 26. Kxd1 Bh6 27. Nxc8 Qxc8 28. Qc3 Qa8 29. Qa3 Qd8 30. Qb4 Qg5 31. Qc3 Ra8 32. Bb5 Qd8 33. Rf1 Qb6 34. Bd7 Ra1+ 0-1

[Event "Saratov Regional-ch"]
[Site "Saratov"]
[Date "2013.06.01"]
[Round "1"]
[White "Velichko, Tatiana"]
[Black "Borisovsky, Viktor"]
[Result "0-1"]
[WhiteElo "1862"]
[BlackElo "2152"]
[PlyCount "78"]
[EventDate "2013.06.01"]
[EventType "swiss"]
[EventRounds "9"]
[EventCountry "RUS"]
[SourceTitle "EXT 2014"]
[Source "ChessBase"]
[SourceDate "2013.11.20"]
[SourceVersion "1"]
[SourceVersionDate "2013.11.20"]
[SourceQuality "1"]

1. e4 c5 2. Nf3 d6 3. d4 cxd4 4. Nxd4 Nf6 5. Nc3 g6 6. Be3 Bg7 7. f3 0-0 8. Qd2 Nc6 9. Bc4 Nd7 10. 0-0-0 Nb6 11. Nxc6 bxc6 12. Bb3 a5 13. Na4 Nxa4 14. Bxa4 Rb8 15. c3 Be6 16. Bd4 Bxd4 17. Qxd4 c5 18. Qd3 Bxa2 19. h4 Qb6 20. Qc2 Bb3 21. Bxb3 Qxb3 22. h5 a4 23. hxg6 fxg6 24. Rd5 a3 25. Qxb3 Rxb3 26. bxa3 Rxc3+ 27. Kb2 Re3 28. Rhd1 Rb8+ 29. Ka2 Rbb3 30. e5 Rxa3+ 31. Kb2 Ra6 32. exd6 exd6 33. R1d2 Kf7 34. Kb1 Ke6 35. Kb2 Rea3 36. f4 Ra2+ 37. Kb1 Rxd2 38. Rxd2 Ra4 39. g3 Ra3 0-1

[Event "Saratov Autumn SSEU 4st stage"]
[Site "Saratov"]
[Date "2012.10.13"]
[Round "1.3"]
[White "Borisovsky, Viktor"]
[Black "Gitelson, Arkady"]
[Result "1-0"]
[WhiteElo "2147"]
[BlackElo "1819"]
[PlyCount "65"]
[EventDate "2012.10.13"]
[EventType "swiss"]
[EventRounds "5"]
[EventCountry "RUS"]
[SourceTitle "EXT 2022"]
[Source "ChessBase"]
[SourceDate "2021.10.06"]
[SourceVersion "1"]
[SourceVersionDate "2021.10.06"]
[SourceQuality "1"]

1. d4 f5 2. c4 e6 3. Nc3 Nf6 4. e3 c6 5. c5 b6 6. b4 a5 7. Na4 Nd5 8. Bc4 b5 9. Bxd5 bxa4 10. Bf3 axb4 11. Bd2 Qa5 12. Rb1 Na6 13. Ne2 e5 14. g4 f4 15. Nc1 fxe3 16. fxe3 exd4 17. exd4 Be7 18. Qe2 Kd8 19. 0-0 Bf6 20. Qf2 Rf8 21. g5 Be7 22. Nd3 Qb5 23. Qe3 Re8 24. Ne5 Rb8 25. Bxb4 Nxb4 26. a3 Ba6 27. Nf7+ Kc7 28. Qe5+ Kb7 29. Rxb4 Qxb4 30. axb4 Bxf1 31. Kxf1 a3 32. Qe2 Bxc5 33. Qb5+ 1-0

[Event "Astrakhan op"]
[Site "Astrakhan"]
[Date "2012.08.22"]
[Round "8"]
[White "Borisovsky, Viktor"]
[Black "Kotenko, Pavel"]
[Result "0-1"]
[WhiteElo "2148"]
[BlackElo "2397"]
[PlyCount "52"]
[EventDate "2012.08.15"]
[EventType "swiss"]
[EventRounds "9"]
[EventCountry "RUS"]
[SourceTitle "CBM 150 Extra"]
[Source "ChessBase"]
[SourceDate "2012.10.19"]
[SourceVersion "1"]
[SourceVersionDate "2012.10.19"]
[SourceQuality "1"]

1. d4 Nf6 2. c4 g6 3. Nc3 Bg7 4. e4 d6 5. f3 0-0 6. Nge2 c5 7. Be3 Nc6 8. Qd2 e6 9. dxc5 dxc5 10. Qxd8 Rxd8 11. Bxc5 Nd7 12. Bd6 Nde5 13. Bxe5 Nxe5 14. Nc1 b6 15. Nb5 a6 16. Nc3 Bb7 17. Nb3 Rac8 18. Nd2 f5 19. Rc1 Bh6 20. Rc2 Nc6 21. Ncb1 Nb4 22. Rc3 Nxa2 23. Rb3 b5 24. Ra3 Nb4 25. Rb3 Nc2+ 26. Kd1 Ne3+ 0-1

[Event "Astrakhan op"]
[Site "Astrakhan"]
[Date "2012.08.16"]
[Round "2"]
[White "Borisovsky, Viktor"]
[Black "Irgaliyev, Alikhan"]
[Result "0-1"]
[WhiteElo "2148"]
[BlackElo "1937"]
[PlyCount "54"]
[EventDate "2012.08.15"]
[EventType "swiss"]
[EventRounds "9"]
[EventCountry "RUS"]
[SourceTitle "CBM 150 Extra"]
[Source "ChessBase"]
[SourceDate "2012.10.19"]
[SourceVersion "1"]
[SourceVersionDate "2012.10.19"]
[SourceQuality "1"]

1. d4 Nf6 2. c4 c5 3. d5 b5 4. Qc2 d6 5. e4 g6 6. cxb5 a6 7. Nc3 Nbd7 8. Nf3 Bg7 9. Be2 axb5 10. Bxb5 Ba6 11. Bc6 Ra7 12. Bd2 0-0 13. Nb5 Bxb5 14. Bxb5 Qb6 15. Bxd7 Nxd7 16. Bc3 Qb5 17. a4 Qa6 18. Bxg7 Kxg7 19. Qe2 Rb8 20. Qe3 Rb4 21. b3 Rab7 22. Nd2 Ne5 23. Qe2 Nd3+ 24. Kf1 Rxb3 25. h4 Qxa4 26. Rd1 Ra3 27. h5 Ra1 0-1

[Event "Astrakhan op"]
[Site "Astrakhan"]
[Date "2012.08.15"]
[Round "1"]
[White "Sharmandzhieva, Gerel"]
[Black "Borisovsky, Viktor"]
[Result "0-1"]
[WhiteElo "1782"]
[BlackElo "2148"]
[PlyCount "100"]
[EventDate "2012.08.15"]
[EventType "swiss"]
[EventRounds "9"]
[EventCountry "RUS"]
[SourceTitle "CBM 150 Extra"]
[Source "ChessBase"]
[SourceDate "2012.10.19"]
[SourceVersion "1"]
[SourceVersionDate "2012.10.19"]
[SourceQuality "1"]

1. d4 e6 2. Nf3 f5 3. e3 Nf6 4. Bd3 b6 5. b3 Bb7 6. Nbd2 Bb4 7. 0-0 Bc3 8. Rb1 0-0 9. Bb2 Bxb2 10. Rxb2 d6 11. c4 Nbd7 12. Qb1 Re8 13. d5 Nc5 14. dxe6 Nxd3 15. Qxd3 Ne4 16. Nd4 g6 17. Nxe4 Bxe4 18. Qd1 a6 19. Rd2 Qg5 20. f4 Qf6 21. h3 Rad8 22. Kh2 h6 23. Re1 c5 24. Ne2 Rxe6 25. Qc1 g5 26. Nc3 g4 27. Nxe4 Rxe4 28. Rd5 Kf7 29. Qd2 Ke7 30. Rd1 Re6 31. Qd3 Rf8 32. g3 gxh3 33. Kxh3 Qg6 34. Qe2 Rg8 35. Qf3 h5 36. R5d3 Qg4+ 37. Qxg4 Rxg4 38. Rf1 Reg6 39. Rf3 h4 40. Rd2 Ke6 41. Rd3 Rg7 42. a3 b5 43. Rc3 bxc4 44. bxc4 a5 45. Rd3 a4 46. Rc3 hxg3 47. Kg2 Rb7 48. Rf1 Rb2+ 49. Kg1 g2 50. Rfc1 Re2 0-1

[Event "Saratov Rating SSEU"]
[Site "Saratov"]
[Date "2012.08.10"]
[Round "3.1"]
[White "Borisovsky, Viktor"]
[Black "Dvoryadkin, Maksim"]
[Result "1/2-1/2"]
[WhiteElo "2148"]
[BlackElo "2038"]
[PlyCount "40"]
[EventDate "2012.08.08"]
[EventType "swiss"]
[EventRounds "7"]
[EventCountry "RUS"]
[SourceTitle "EXT 2022"]
[Source "ChessBase"]
[SourceDate "2021.10.06"]
[SourceVersion "1"]
[SourceVersionDate "2021.10.06"]
[SourceQuality "1"]

1. d4 d5 2. c4 c6 3. Nc3 Nf6 4. cxd5 cxd5 5. Nf3 Nc6 6. Bf4 Bf5 7. e3 e6 8. Bd3 Bxd3 9. Qxd3 Bd6 10. Bxd6 Qxd6 11. 0-0 0-0 12. Rfc1 Rfc8 13. Nb5 Qd8 14. Ne5 Nxe5 15. dxe5 Nd7 16. Rxc8 Rxc8 17. f4 a6 18. Nd4 Nc5 19. Qa3 Ne4 20. Rd1 Rc4 1/2-1/2

[Event "Saratov SSEU Cup 2nd Stage"]
[Site "Saratov"]
[Date "2012.05.19"]
[Round "9"]
[White "Borisovsky, Viktor"]
[Black "Kvitka, Roman"]
[Result "1/2-1/2"]
[WhiteElo "2149"]
[BlackElo "2082"]
[PlyCount "133"]
[EventDate "2012.05.11"]
[EventType "swiss"]
[EventRounds "9"]
[EventCountry "RUS"]
[SourceTitle "EXT 2020"]
[Source "ChessBase"]
[SourceDate "2019.10.17"]
[SourceVersion "1"]
[SourceVersionDate "2019.10.17"]
[SourceQuality "1"]

1. d4 Nf6 2. c4 c5 3. e3 cxd4 4. exd4 d5 5. cxd5 Nxd5 6. Nc3 Nc6 7. h3 Bf5 8. a3 e6 9. Nf3 Be7 10. Bc4 Nxc3 11. bxc3 0-0 12. 0-0 Rc8 13. Bd3 Bxd3 14. Qxd3 Na5 15. Bf4 Qd5 16. Rfb1 Nc4 17. a4 Rfd8 18. Rb5 Qc6 19. Bg5 f6 20. Bc1 a6 21. Rh5 g6 22. Rh6 Bf8 23. Rh4 Nb6 24. Qe2 Re8 25. a5 Nd5 26. Bd2 Nxc3 27. Bxc3 Qxc3 28. Qa2 Qc2 29. Qb1 Qxb1+ 30. Rxb1 Rc7 31. Re4 Kf7 32. g4 Bh6 33. Rb6 Ree7 34. Kg2 Bc1 35. h4 h6 36. Re1 g5 37. h5 Bf4 38. Reb1 Rcd7 39. R1b2 Bb8 40. Rb1 Ba7 41. R6b4 Ke8 42. R1b2 Kd8 43. Rc4 Rc7 44. Rcb4 Red7 45. Re2 Rc6 46. Reb2 Kc8 47. Rb1 Rcd6 48. Rc1+ Rc7 49. Rcb1 Rd5 50. Re1 Kd7 51. Ra1 Ke7 52. Ra2 Rcd7 53. Raa4 Kd8 54. Kg3 Kc8 55. Kg2 Bb8 56. Nd2 Bc7 57. Nb3 Bd6 58. Rb6 Rc7 59. Nd2 Rc6 60. Nc4 Bc7 61. Rxc6 bxc6 62. Nd2 Rxa5 63. Rc4 Kd7 64. Ne4 Bd6 65. Nxf6+ Kc7 66. Ne8+ Kd7 67. Nf6+ 1/2-1/2

[Event "Saratov SSEU Cup 2nd Stage"]
[Site "Saratov"]
[Date "2012.05.16"]
[Round "5"]
[White "Borisovsky, Viktor"]
[Black "Brekhov, Denis"]
[Result "1-0"]
[WhiteElo "2149"]
[BlackElo "1930"]
[PlyCount "137"]
[EventDate "2012.05.11"]
[EventType "swiss"]
[EventRounds "9"]
[EventCountry "RUS"]
[SourceTitle "EXT 2020"]
[Source "ChessBase"]
[SourceDate "2019.10.17"]
[SourceVersion "1"]
[SourceVersionDate "2019.10.17"]
[SourceQuality "1"]

1. d4 Nf6 2. c4 g6 3. Nc3 d5 4. Bg5 Ne4 5. Bh4 c5 6. e3 Bg7 7. Nf3 cxd4 8. exd4 Nc6 9. cxd5 Nxc3 10. bxc3 Qxd5 11. Be2 0-0 12. 0-0 Bf5 13. Qb3 Qd7 14. Bb5 Qc7 15. Qc4 Rac8 16. Bxc6 bxc6 17. Rfe1 Rfe8 18. Ne5 Be6 19. Qc5 Bf8 20. Bg3 Qb6 21. Qa3 Bf5 22. Nc4 Qb7 23. Qa5 Qb5 24. Qb4 Qxb4 25. cxb4 Be6 26. Na5 Bd5 27. a3 e6 28. Rac1 Bg7 29. Be5 f6 30. Bg3 e5 31. dxe5 fxe5 32. Red1 e4 33. Nb7 Bh6 34. Rc3 Bg7 35. Rc5 Bf8 36. Bd6 Bh6 37. Bg3 e3 38. Nd6 e2 39. Re1 Bd2 40. f3 Bxe1 41. Bxe1 a6 42. Nxc8 Rxc8 43. Kf2 Re8 44. Rc2 Kf7 45. Rxe2 Rxe2+ 46. Kxe2 Ke6 47. Ke3 h5 48. g4 hxg4 49. fxg4 Bb3 50. Kd4 Bd1 51. g5 Be2 52. Kc5 Kd7 53. Bg3 Bd1 54. h4 Bf3 55. Kb6 Be2 56. Be5 Ke6 57. Bf6 Kd5 58. Kb7 Kc4 59. Kxa6 Kb3+ 60. Kb6 Kxa3 61. Be7 Bb5 62. h5 gxh5 63. g6 Ka4 64. Kc5 Bd3 65. g7 Bh7 66. Kxc6 h4 67. b5 h3 68. Bd6 Ka5 69. Bc7+ 1-0

[Event "Saratov SSEU Cup 2nd Stage"]
[Site "Saratov"]
[Date "2012.05.11"]
[Round "1"]
[White "Fedukin, Alexandre"]
[Black "Borisovsky, Viktor"]
[Result "0-1"]
[WhiteElo "1908"]
[BlackElo "2149"]
[PlyCount "70"]
[EventDate "2012.05.11"]
[EventType "swiss"]
[EventRounds "9"]
[EventCountry "RUS"]
[SourceTitle "EXT 2020"]
[Source "ChessBase"]
[SourceDate "2019.10.17"]
[SourceVersion "1"]
[SourceVersionDate "2019.10.17"]
[SourceQuality "1"]

1. c4 f5 2. Nf3 Nf6 3. g3 e6 4. Bg2 d5 5. 0-0 c6 6. d4 Bd6 7. Nbd2 0-0 8. b3 Bd7 9. Bb2 Be8 10. Ne5 Bh5 11. Ndf3 Bxf3 12. Nxf3 Nbd7 13. Qd3 Ne4 14. Ne5 Nxe5 15. dxe5 Bc5 16. Rad1 g5 17. e3 g4 18. Qe2 Qg5 19. cxd5 cxd5 20. Bxe4 fxe4 21. Rc1 Bb6 22. Ba3 Rf7 23. Rc2 h5 24. Kg2 h4 25. Bc5 Qh5 26. Bxb6 axb6 27. Rfc1 Kh7 28. Rc7 Raf8 29. Kg1 h3 30. a4 Kh6 31. Rxf7 Rxf7 32. Rc8 Qxe5 33. Rc1 Rc7 34. Rd1 Qf5 35. Qb2 Qf3 0-1

[Event "Moscow op U26"]
[Site "Moscow"]
[Date "2012.02.02"]
[Round "6"]
[White "Borisovsky, Viktor"]
[Black "Piskunov, Alexandr"]
[Result "1/2-1/2"]
[WhiteElo "2121"]
[BlackElo "2318"]
[PlyCount "93"]
[EventDate "2012.01.28"]
[EventType "swiss"]
[EventRounds "9"]
[EventCountry "RUS"]
[SourceTitle "EXT 2013"]
[Source "ChessBase"]
[SourceDate "2012.11.22"]
[SourceVersion "1"]
[SourceVersionDate "2012.11.22"]
[SourceQuality "1"]

1. d4 d6 2. Nf3 Nf6 3. c4 g6 4. Nc3 Bf5 5. Ng5 Bg7 6. e4 Bg4 7. Qa4+ Bd7 8. Qb3 Nc6 9. Nf3 0-0 10. Be2 e5 11. dxe5 dxe5 12. Bg5 Qc8 13. 0-0 Bg4 14. Qd1 Bxf3 15. Bxf3 Nd4 16. Nb5 Rd8 17. Nxd4 Rxd4 18. Qe2 Qe6 19. b3 a5 20. Be3 Rd7 21. Rfd1 a4 22. Rxd7 Nxd7 23. Rd1 axb3 24. axb3 Qe7 25. Qd2 Nc5 26. Qb4 b6 27. Bxc5 Qxc5 28. Qxc5 bxc5 29. g3 Bf8 30. Bg4 Bd6 31. Rd3 Kf8 32. h4 h5 33. Bd7 Ke7 34. Ba4 f5 35. f3 Ra6 36. Kg2 c6 37. Rd1 Kd7 38. g4 hxg4 39. fxg4 Ra8 40. gxf5 gxf5 41. exf5 e4 42. Kf2 Rg8 43. Ke3 Rg4 44. f6 Kc7 45. f7 Bf8 46. Rf1 Rxh4 47. Rf4 1/2-1/2

[Event "Saratov Rector Cup"]
[Site "Saratov"]
[Date "2011.09.17"]
[Round "9"]
[White "Onoprijchuk, Boris"]
[Black "Borisovsky, Viktor"]
[Result "0-1"]
[WhiteElo "2395"]
[BlackElo "2129"]
[PlyCount "74"]
[EventDate "2011.09.09"]
[EventType "tourn"]
[EventRounds "9"]
[EventCountry "RUS"]
[SourceTitle "EXT 2012"]
[Source "ChessBase"]
[SourceDate "2011.11.24"]
[SourceVersion "1"]
[SourceVersionDate "2011.11.24"]
[SourceQuality "1"]

1. e4 c5 2. Nf3 d6 3. d4 cxd4 4. Nxd4 Nf6 5. Nc3 g6 6. g3 Bg7 7. Bg2 0-0 8. 0-0 Nc6 9. Nde2 Be6 10. Nd5 Qd7 11. Nef4 Rac8 12. c3 Ne5 13. Nxe6 Qxe6 14. f4 Nc4 15. b3 Nb6 16. f5 Qd7 17. Nxb6 axb6 18. Bb2 b5 19. Qe2 Rc5 20. b4 Rc4 21. a4 Rfc8 22. Rad1 Qc7 23. axb5 Qb6+ 24. Kh1 Qxb5 25. Rd3 Qe5 26. Re1 R8c7 27. Bc1 Nd7 28. Bg5 Rxc3 29. Rd5 Rc2 30. Qf1 Qb2 31. Rb1 Qa2 32. Ra5 Qc4 33. Bxe7 Be5 34. f6 h6 35. Ra8+ Kh7 36. Rd8 Qa2 37. Rd1 Rf2 0-1

[Event "Saratov Rector Cup"]
[Site "Saratov"]
[Date "2011.09.11"]
[Round "3"]
[White "Izbosarov, Marat"]
[Black "Borisovsky, Viktor"]
[Result "1-0"]
[WhiteElo "1921"]
[BlackElo "2129"]
[PlyCount "99"]
[EventDate "2011.09.09"]
[EventType "tourn"]
[EventRounds "9"]
[EventCountry "RUS"]
[SourceTitle "EXT 2012"]
[Source "ChessBase"]
[SourceDate "2011.11.24"]
[SourceVersion "1"]
[SourceVersionDate "2011.11.24"]
[SourceQuality "1"]

1. e4 e6 2. d4 d5 3. Nc3 dxe4 4. Nxe4 Nf6 5. Bd3 c5 6. Nxc5 Bxc5 7. dxc5 Qa5+ 8. c3 Qxc5 9. Nf3 Bd7 10. 0-0 h6 11. Be3 Qc7 12. Qe2 Nd5 13. Nd4 Nxe3 14. Qxe3 0-0 15. Qe4 f5 16. Qe3 e5 17. Nb5 Bxb5 18. Bxb5 a6 19. Ba4 b5 20. Bb3+ Kh8 21. Bd5 Ra7 22. a4 Nd7 23. axb5 f4 24. Qe2 Nf6 25. Bc6 Rb8 26. c4 axb5 27. Rxa7 Qxa7 28. cxb5 e4 29. Qd2 e3 30. Qe2 Rd8 31. fxe3 fxe3 32. Re1 Rd2 33. Qxe3 Qxe3+ 34. Rxe3 Rd1+ 35. Kf2 Ng4+ 36. Ke2 Nxe3 37. Kxe3 Rd6 38. Ke4 Kg8 39. Ke5 Rf6 40. Kd5 Kf8 41. b6 Ke7 42. b7 Rf5+ 43. Kc4 Rf8 44. Kc5 g5 45. Kb6 Kd6 46. b4 h5 47. b5 g4 48. g3 Rd8 49. Bh1 Rf8 50. Ka7 1-0

[Event "Saratov 08"]
[Site "Saratov"]
[Date "2011.08.19"]
[Round "6"]
[White "Borisovsky, Viktor"]
[Black "Zhestkov, Igor"]
[Result "1/2-1/2"]
[WhiteElo "2138"]
[BlackElo "1917"]
[PlyCount "65"]
[EventDate "2011.08.14"]
[EventType "tourn"]
[EventRounds "11"]
[EventCountry "RUS"]
[SourceTitle "CBM 144 Extra"]
[Source "ChessBase"]
[SourceDate "2011.10.28"]
[SourceVersion "1"]
[SourceVersionDate "2011.10.28"]
[SourceQuality "1"]

1. d4 d5 2. c4 c6 3. cxd5 cxd5 4. Nc3 Nf6 5. Nf3 Nc6 6. Bf4 e6 7. e3 Bd6 8. Bxd6 Qxd6 9. Bd3 0-0 10. 0-0 e5 11. dxe5 Nxe5 12. Nxe5 Qxe5 13. h3 Bf5 14. Bxf5 Qxf5 15. Qd4 Rfd8 16. Rfd1 Ne4 17. Nxe4 Qxe4 18. Qxe4 dxe4 19. Kf1 Kf8 20. Ke2 Ke7 21. Rxd8 Rxd8 22. Rc1 Rd7 23. Rc2 Rd8 24. Rc3 Rd6 25. Rc4 f5 26. Rc5 g6 27. Rc7+ Rd7 28. Rc8 a6 29. Rc5 Rd6 30. Rc4 Rd5 31. Rc7+ Rd7 32. Rxd7+ Kxd7 33. Kd2 1/2-1/2